000 00920nam a2200241Ia 4500
003 GCL
008 140319s9999 xx 000 0 ara d
040 _aGCL /
_cGCL
082 0 4 _aد
_b328.3091
_bر ث
100 1 _aالمجالس القومية المتخصصة
245 1 0 _aالثروة السياحية فى محافظة البحيرة /
_cالمجالس القومية المتخصصة
700 1 _aالمجلس القومى للانتاج الشئون ا
260 _a[S.N] :
_bالمجلس القومى للانتاج والشئون الاقتصادية ،
_c1985
300 _a81 ص
490 _aالمؤسسة المصرية فى الفن والحياة
_v0
650 0 4 _aمصر
650 0 4 _aتاريخ
650 0 4 _aالجغرافيا التاريخية
650 0 4 _aالاثار الاسلامية
650 0 4 _aالاثار المسيحية
650 0 4 _aالبحيرة
942 _2ddc
_cCF
999 _c27138
_d27138